Not the Biggest Countries - World Map Sudden Death - Statistics

General Stats
  • This quiz has been taken 129 times
  • The average score is 13 of 23
Answers on the Grid
Answers color-coded by a green-red scale on the quiz's grid according to % correct below.
 
Answer Stats
Answer % Correct
69%
69%
68%
65%
61%
61%
61%
61%
61%
59%
59%
59%
56%
56%
55%
54%
52%
52%
45%
44%
41%
35%
34%
No matching quizzes found
Score Distribution
Percent of People with Each Score
Percentile by Number Answered
Your Score History
You have not taken this quiz